000 00808nam a2200229Ia 4500
003 OSt
005 20211129152352.0
008 210310s9999 xx 000 0 und d
020 _a9789587710656
040 _aCO-JMCR
_cCO-JMCR
041 0 _aspa
082 _a336.271 /
_bZ947c
_223
100 1 _aZuluaga Potes, Jorge Hernán
_eautor
_929131
245 1 0 _aCartilla impuesto al valor agregado /
_cJorge Hernán Zuluaga Potes
260 _aBogotá :
_bEco,
_c2014.
300 _a189 páginas ;
_c28 cm.
500 _aDatos biográficos del autor en tapa posterior.
505 0 _aImpuesto al valor agregado impuesto nacional al consumo. -- Devoluciones y compensaciones en el impuesto sobre las ventas.
650 1 4 _aCiencias administrativas
_941703
650 2 4 _aContabilidad
_97829
942 _2ddc
_cBK
999 _c12756
_d12756